000 00332 a2200133 4500
001 12894
090 _c9872
_d9872
100 _aKorhonen,J
245 _aIntroduction to 3G Mobile Communications
260 _aLONDON
_bArtech House
_c2003
300 _axviii, 544 p
505 _a3G Mobile Communication
600 _t3G Mobile Communication
942 _aNUST-CAE
999 _c247967
_d247967